Datum a čas kvízu
39
Celkem bodů
Celkový počet nahraných bodů na tomto kvízu bez doplňovacích otázek.
7.
Pořadí na kvízu
Konečné umístění týmu na tomto kvízu.
Zaznamenané odpovědi
| # | Otázka | Odpověď | Body | Výsledky |
|---|---|---|---|---|
| 1. | Jedna z cestujících vlakem Čes... | houby | 1 | |
| 2. | V Polsku se konaly parlamentní... | Právo a spravedlnost | 1 | |
| 3. | Jistá americká herečka si minu... | Jennifer Anistonová | 1 | |
| 4. | Vatikán představil minulý týde... | o růženec | 1 | |
| 5. | Po minulém víkendu byla na MS... | Anglie | 1 | |
| 6. | V tomto tématu budeme tak troc... | Fryderyk | 0 | |
| 7. | Zůstaneme ještě u vážné hudby.... | Johann Sebastian | 1 | |
| 8. | Americký herec s řeckými kořen... | C | 1 | |
| 9. | Jeden ze států USA nese název.... | A | 0 | |
| 10. | Zapište správně název zmrzliny... | stracciatella | 0 |